Loading...
| History - American | 0 | 2 | 1 | 0 | 15 | 79 | 82.50 | 0 | 0 | 5.30 | 4.44 |
| Fine Arts - Other | 0 | 1 | 0 | 0 | 10 | 56 | 56.00 | 0 | 0 | 5.25 | 4.44 |
| Fine Arts - Painting and Sculpture | 0 | 1 | 0 | 1 | 10 | 84 | 84.00 | 0 | 1 | 2.57 | 7.78 |
| Geography | 0 | 1 | 0 | 1 | 10 | 113 | 113.00 | 0 | 0 | 0.00 | 2.22 |
| History - European | 0 | 1 | 0 | 0 | 10 | 25 | 25.00 | 1 | 1 | 7.57 | 8.89 |
| Current Events | 0 | 1 | 0 | 0 | 10 | 35 | 35.00 | 0 | 1 | 21.78 | 29.63 |
| Literature - European | 0 | 1 | 0 | 0 | 10 | 110 | 110.00 | 0 | 0 | 1.34 | 2.22 |
| Popular Culture | 0 | 1 | 0 | 0 | 10 | 67 | 67.00 | 0 | 1 | 5.58 | 9.52 |
| Social Science | 0 | 1 | 0 | 0 | 10 | 79 | 79.00 | 0 | 0 | 2.32 | 2.78 |
| Literature - British | 0 | 1 | 0 | 0 | 10 | 58 | 58.00 | 0 | 0 | 4.82 | 5.56 |
| Literature - American | 0 | 0 | 0 | 0 | 0 | 0.00 | 0 | 0 | 0.00 | 0.00 | |
| Religion | 0 | 0 | 0 | 0 | 0 | 0.00 | 0 | 0 | 0.00 | 0.00 | |
| Literature - World | 0 | 0 | 1 | 0 | -5 | 0.00 | 0 | 0 | 0.00 | 0.00 |